000 00973nam a2200277 a 4500
001 25207
003 CO-ViMGA
005 20230915232047.0
008 141112s2004 ck r 000 u spa d
020 _a9789681646394
035 _aADZ3026 LA
040 _aCO-ViMGA
_bspa
_cCO-ViMGA
041 _aspa eng
043 _ae - uk - en
090 _aMCKb
100 1 _aMcKee, David, 1935 -
_938387
245 1 0 _aEl baño de Elmer /
_cDavid McKee ; versión en español Ernestina Loyo.
260 _aMéxico :
_bFondo de Cultura Económica,
_c1995.
300 _a[10] p. : il. ; 16 cm.
500 _aTítulo tomado de la carátula. \ Libro plastico sumergible en agua
650 1 4 _aCuentos infantiles ingleses.
_915884
650 1 4 _aLibro - Juego
_938388
942 _2ddc
_cBK
999 _c11047
_d11047